000
00310nam a2200133Ia 4500
008
231129s1980||||xx |||||||||||||| ||spa||
040
_b
spa
082
_a
366 G536s
100
_a
Gitlitz Peter
245
0
_a
Las sociedades secretas
260
_c
1980
264
_a
Círculo de Lectores
942
_2
ddc
_c
BKS
999
_c
18969
_d
18969